<?xml version="1.0" encoding="UTF-8"?>
<record
    xmlns:xsi="http://www.w3.org/2001/XMLSchema-instance"
    xsi:schemaLocation="http://www.loc.gov/MARC21/slim http://www.loc.gov/standards/marcxml/schema/MARC21slim.xsd"
    xmlns="http://www.loc.gov/MARC21/slim">

  <leader>01438nam a2200349 i 4500</leader>
  <controlfield tag="003">OSt</controlfield>
  <controlfield tag="005">20260120174418.0</controlfield>
  <controlfield tag="008">260106t20222022my ao  gr    f000 0 may d</controlfield>
  <datafield tag="020" ind1=" " ind2=" ">
    <subfield code="a">9789670372440</subfield>
    <subfield code="q">paperback</subfield>
    <subfield code="c">RM34.00</subfield>
  </datafield>
  <datafield tag="040" ind1=" " ind2=" ">
    <subfield code="a">PPAK</subfield>
    <subfield code="b">eng</subfield>
    <subfield code="c">PPAK</subfield>
    <subfield code="e">rda</subfield>
  </datafield>
  <datafield tag="082" ind1="0" ind2="4">
    <subfield code="a">391.009595</subfield>
    <subfield code="2">23</subfield>
  </datafield>
  <datafield tag="090" ind1="0" ind2="0">
    <subfield code="a">391.009595</subfield>
    <subfield code="b">BAJ</subfield>
    <subfield code="d">R</subfield>
  </datafield>
  <datafield tag="245" ind1="1" ind2="0">
    <subfield code="a">Baju Kurung :</subfield>
    <subfield code="b">BUSANA SEPANJANG ZAMAN : Koleksi Terpilih Jabatan Muzium Malaysia /</subfield>
    <subfield code="c">Editorial Jawatankuasa Editorial Penerbitan, Jabatan Muzium Malaysia ; Editorial Bahasa Abd. Karim bin A Bakar</subfield>
  </datafield>
  <datafield tag="264" ind1=" " ind2="1">
    <subfield code="a">Kuala Lumpur, Malaysia :</subfield>
    <subfield code="b">Jabatan Muzium Malaysia,</subfield>
    <subfield code="c">2022</subfield>
  </datafield>
  <datafield tag="264" ind1=" " ind2="4">
    <subfield code="c">&#xA9;2022</subfield>
  </datafield>
  <datafield tag="300" ind1=" " ind2=" ">
    <subfield code="a">100 pages :</subfield>
    <subfield code="b">illustrations, colour photographs ; </subfield>
    <subfield code="c">23 cm</subfield>
  </datafield>
  <datafield tag="336" ind1=" " ind2=" ">
    <subfield code="a">text</subfield>
    <subfield code="2">rdacontent</subfield>
  </datafield>
  <datafield tag="336" ind1=" " ind2=" ">
    <subfield code="a">still image </subfield>
    <subfield code="2">rdacontent</subfield>
  </datafield>
  <datafield tag="337" ind1=" " ind2=" ">
    <subfield code="a">unmediated</subfield>
    <subfield code="2">rdamedia</subfield>
  </datafield>
  <datafield tag="338" ind1=" " ind2=" ">
    <subfield code="a">volume</subfield>
    <subfield code="2">rdacarrier</subfield>
  </datafield>
  <datafield tag="504" ind1=" " ind2=" ">
    <subfield code="a">Bibliography: page 99.</subfield>
  </datafield>
  <datafield tag="520" ind1=" " ind2=" ">
    <subfield code="a">Collected information about Baju Kurung in Malaysia.</subfield>
  </datafield>
  <datafield tag="583" ind1=" " ind2=" ">
    <subfield code="a">Retained</subfield>
    <subfield code="f">&#x201C;This book must not be disposed of.&#x201D;</subfield>
  </datafield>
  <datafield tag="650" ind1="1" ind2="0">
    <subfield code="a">Ethnic costume</subfield>
    <subfield code="z">Malaysia </subfield>
  </datafield>
  <datafield tag="650" ind1="2" ind2="0">
    <subfield code="a">Malays (Asian people)</subfield>
    <subfield code="x">Costume</subfield>
    <subfield code="z">Malaysia </subfield>
  </datafield>
  <datafield tag="650" ind1="2" ind2="0">
    <subfield code="a">Clothing and dress</subfield>
    <subfield code="z">Malaysia </subfield>
  </datafield>
  <datafield tag="650" ind1="2" ind2="0">
    <subfield code="a">Government publications</subfield>
    <subfield code="z">Malaysia </subfield>
  </datafield>
  <datafield tag="651" ind1=" " ind2="0">
    <subfield code="a">Malaysia</subfield>
    <subfield code="x">Social life and customs </subfield>
  </datafield>
  <datafield tag="700" ind1="0" ind2=" ">
    <subfield code="a">Abd. Karim A. Bakar,</subfield>
    <subfield code="e">editor. </subfield>
  </datafield>
  <datafield tag="710" ind1="1" ind2=" ">
    <subfield code="a">Malaysia.</subfield>
    <subfield code="b">Jabatan Muzium. </subfield>
    <subfield code="b">Jawatankuasa Editorial Penerbitan,</subfield>
    <subfield code="e">editor. </subfield>
  </datafield>
  <datafield tag="942" ind1=" " ind2=" ">
    <subfield code="2">ddc</subfield>
    <subfield code="c">B</subfield>
  </datafield>
  <datafield tag="999" ind1=" " ind2=" ">
    <subfield code="c">202591</subfield>
    <subfield code="d">202591</subfield>
  </datafield>
  <datafield tag="952" ind1=" " ind2=" ">
    <subfield code="0">0</subfield>
    <subfield code="7">1</subfield>
    <subfield code="b">PPAK</subfield>
    <subfield code="c">R</subfield>
    <subfield code="d">2026-01-25</subfield>
    <subfield code="l">0</subfield>
    <subfield code="o">R 391.009595 BAJ</subfield>
    <subfield code="p">A01899657</subfield>
    <subfield code="r">2026-01-25 16:25:11</subfield>
    <subfield code="y">B</subfield>
  </datafield>
  <datafield tag="952" ind1=" " ind2=" ">
    <subfield code="0">0</subfield>
    <subfield code="7">1</subfield>
    <subfield code="b">SP</subfield>
    <subfield code="c">R</subfield>
    <subfield code="d">2026-01-25</subfield>
    <subfield code="l">0</subfield>
    <subfield code="o">R 391.009595 BAJ</subfield>
    <subfield code="p">A01899658</subfield>
    <subfield code="r">2026-01-25 16:25:11</subfield>
    <subfield code="y">B</subfield>
  </datafield>
  <datafield tag="952" ind1=" " ind2=" ">
    <subfield code="0">0</subfield>
    <subfield code="7">1</subfield>
    <subfield code="b">JT</subfield>
    <subfield code="c">R</subfield>
    <subfield code="d">2026-01-25</subfield>
    <subfield code="l">0</subfield>
    <subfield code="o">R 391.009595 BAJ</subfield>
    <subfield code="p">A01899659</subfield>
    <subfield code="r">2026-01-25 16:25:11</subfield>
    <subfield code="y">B</subfield>
  </datafield>
  <datafield tag="952" ind1=" " ind2=" ">
    <subfield code="0">0</subfield>
    <subfield code="7">1</subfield>
    <subfield code="b">LW</subfield>
    <subfield code="c">R</subfield>
    <subfield code="d">2026-01-25</subfield>
    <subfield code="l">0</subfield>
    <subfield code="o">R 391.009595 BAJ</subfield>
    <subfield code="p">A01899660</subfield>
    <subfield code="r">2026-01-25 16:25:11</subfield>
    <subfield code="y">B</subfield>
  </datafield>
  <datafield tag="952" ind1=" " ind2=" ">
    <subfield code="0">0</subfield>
    <subfield code="7">1</subfield>
    <subfield code="b">KM</subfield>
    <subfield code="c">R</subfield>
    <subfield code="d">2026-01-25</subfield>
    <subfield code="l">0</subfield>
    <subfield code="o">R 391.009595 BAJ</subfield>
    <subfield code="p">A01899661</subfield>
    <subfield code="r">2026-01-25 16:25:11</subfield>
    <subfield code="y">B</subfield>
  </datafield>
  <datafield tag="952" ind1=" " ind2=" ">
    <subfield code="0">0</subfield>
    <subfield code="7">1</subfield>
    <subfield code="b">MR</subfield>
    <subfield code="c">R</subfield>
    <subfield code="d">2026-01-25</subfield>
    <subfield code="l">0</subfield>
    <subfield code="o">R 391.009595 BAJ</subfield>
    <subfield code="p">A01899664</subfield>
    <subfield code="r">2026-01-25 16:25:11</subfield>
    <subfield code="y">B</subfield>
  </datafield>
  <datafield tag="952" ind1=" " ind2=" ">
    <subfield code="0">0</subfield>
    <subfield code="7">1</subfield>
    <subfield code="b">YN</subfield>
    <subfield code="c">R</subfield>
    <subfield code="d">2026-01-25</subfield>
    <subfield code="l">0</subfield>
    <subfield code="o">R 391.009595 BAJ</subfield>
    <subfield code="p">A01899665</subfield>
    <subfield code="r">2026-01-25 16:25:11</subfield>
    <subfield code="y">B</subfield>
  </datafield>
  <datafield tag="952" ind1=" " ind2=" ">
    <subfield code="0">0</subfield>
    <subfield code="7">1</subfield>
    <subfield code="b">KN</subfield>
    <subfield code="c">R</subfield>
    <subfield code="d">2026-01-25</subfield>
    <subfield code="l">0</subfield>
    <subfield code="o">R 391.009595 BAJ</subfield>
    <subfield code="p">A01899667</subfield>
    <subfield code="r">2026-01-25 16:25:11</subfield>
    <subfield code="y">B</subfield>
  </datafield>
  <datafield tag="952" ind1=" " ind2=" ">
    <subfield code="0">0</subfield>
    <subfield code="7">1</subfield>
    <subfield code="b">PG</subfield>
    <subfield code="c">R</subfield>
    <subfield code="d">2026-01-25</subfield>
    <subfield code="l">0</subfield>
    <subfield code="o">R 391.009595 BAJ</subfield>
    <subfield code="p">A01899668</subfield>
    <subfield code="r">2026-01-25 16:25:11</subfield>
    <subfield code="y">B</subfield>
  </datafield>
</record>
